| 000 | 00538nam a2200205Ia 4500 | ||
|---|---|---|---|
| 005 | 20251113205902.0 | ||
| 008 | 230125s9999 xx 000 0 und d | ||
| 020 | _a0-8144-0349-2 | ||
| 041 | _aeng | ||
| 082 |
_a158.1 _bBHA |
||
| 100 |
_aMacdonald J _9214881 |
||
| 245 | _aCalling a halt to mindless change | ||
| 260 |
_c1998 _bAmacom _aNew York |
||
| 300 | _a255p | ||
| 500 | _aChange management | ||
| 500 | _aPersonality Development, | ||
| 650 |
_aPersonality Development _9213420 |
||
| 700 |
_aMacdonald J _9214881 |
||
| 942 | _cBK | ||
| 999 |
_c85019 _d85019 |
||